000 00302nam a2200121Ia 4500
008 221030s9999 xx 000 0 und d
041 _aEnglish
100 _aN. Rohmetra
245 0 _aHuman Resource Development Challenges & Opportunities
_cby N. Rohmetra
260 _c0
650 _aMb
942 _cBK
999 _c14181
_d14181